|
|
|
|
| LEADER |
00935nam a22002772a 4500 |
| 001 |
001874249 |
| 003 |
CZ BrMZK |
| 005 |
20231019140650.0 |
| 007 |
ta |
| 008 |
231019s1977 xr er|||||||||||cze d |
| 015 |
|
|
|a cnb000162565
|
| 035 |
|
|
|a (OCoLC)42174113
|
| 040 |
|
|
|a ABA001
|b cze
|c ABA001
|d ABA001
|e aacr2
|d BOA001
|
| 080 |
9 |
|
|a 621.39.049.73(075.8)
|2 undef
|
| 100 |
1 |
|
|a Urbánek, Jan,
|d 1939-
|7 ntka174231
|4 aut
|
| 245 |
1 |
0 |
|a Výroba sdělovacích zařízení drátových :
|b Určeno pro posl. fak. elektrotechn. /
|c Jan Urbánek
|
| 250 |
|
|
|a 1. vyd.
|
| 260 |
|
|
|a Praha :
|b ČVUT,
|c 1977
|
| 300 |
|
|
|a 167 s. ;
|c 4°
|
| 500 |
|
|
|a S obr. a tb. v textu
|
| 500 |
|
|
|a Učební texty vysokých škol. ČVUT v Praze. Fak. elektrotechnická
|
| 500 |
|
|
|a 100 výt.
|
| 500 |
|
|
|a Přehl. lit.
|
| 910 |
|
|
|a BOA001
|b 4-0783.735
|
| 990 |
|
|
|a BK
|
| 996 |
6 |
|
|b 2618752635
|c 4-0783.735
|l MZK
|r Sklad / do 1 hodiny
|n 0
|w 001941955
|u 000010
|a 1
|e BOA001
|j MZK50
|s P
|